000 00290nam a2200109Ia 4500
008 171211s9999 xx 000 0 und d
245 _aFarm Fresh Southern Cooking
245 _cTammy Algood
260 _c2012
650 _xCOOKBOOKS
856 _uhttp://down.ebook777.com/062/1401601588.pdf
999 _c348152
_d348152